[Event "7th Sinquefield Cup GCT 2019"]
[White "Nepomniachtchi, Ian"]
[Black "Nakamura, Hikaru"]
[Site "Saint Louis"]
[Round "5.5"]
[Annotator "TA"]
[Result "1-0"]
[Date "2019.08.21"]
[WhiteElo "2774"]
[BlackElo "2743"]
[PlyCount "137"]

1. d4 {} Nf6 2. c4 e6 3. Nf3 d5 4. Nc3 Be7 5. Bf4 0-0 6. e3 c5 7. dxc5 Bxc5 8. cxd5 Nxd5 9. Nxd5 exd5 10. Bd3 Bb4+ {D37: Queen's Gambit Declined: 5 Bf4} 11. Nd2 Nc6 12. 0-0 Be7 {The
position is equal.} (12... Be6 13. Nf3 Be7 14. Rc1 Bf6 15. a3 Qe7 16. b4 a6 17. h3 Rac8 18. Rc5 {1-0 (33) Nepomniachtchi,I (2742)-Nakamura,H (2792) Saint
Louis 2017} )13. Rc1 Qb6 {[#]} 14. Qc2 $146 ({Predecessor:} 14. Nb3 g6 15. Qd2 Be6 16. Bb1 Rfd8 17. Nd4 Nxd4 18. exd4 Rdc8 19. a3 Bf6 20. Be3 Rxc1 21. Rxc1 Rc8 22. Rxc8+ {1/2-1/2 (22) Grischuk,A (2766)-Anand,V (2768) Saint Louis 2018} )Nb4 15. Bxh7+ Kh8 16. Qc7 $36 { White fights for an advantage.
} Qxc7 17. Rxc7 Bd8 18. Bd6 {aiming for Rxc8.} Bxc7 19. Bxf8 a5 20. Bb1 Be5 21. b3 Bg4 22. Bc5 Rc8 23. Bb6 Nxa2 $1 { [#] Decoy} 24. Bxa2 {And now Nf3
would win.} Rc2 25. Nf3 Bxf3 $1 26. gxf3 Rxa2 $14 { Endgame KRB-KRB} 27. Rd1 Ra1 28. Rxa1 Bxa1 29. Bxa5 $16 {KB-KB} f5 30. Kf1 Kg8 31. Ke2 Kf7 32. Kd3 Be5 33. Bc3 Bd6 34. e4 dxe4+ 35. fxe4 Ke6 36. Bxg7 {h4 is the strong
threat.} Bxh2 37. Bd4 b5 38. Bb6 {Black must now prevent Kd4.} Be5 39. Ke3 Bb2 40. Bd4 Bc1+ 41. Kd3 {Threatens to win with exf5+.} Ba3 42. Bb6 Bb2 43. Bc7 Bf6 44. Ba5 Be5 45. Bb4 Bf6 46. Bc5 Be5 47. Ba7 Bf6 48. Bd4 Be7 49. Ke3 Bg5+ 50. f4 Be7 51. Bb6 Ba3 {[#]} 52. Kd3 $1 Bc1 53. Bc7 Bb2 54. Bb8 Bf6 55. Ke3 Bb2 56. Be5 Bc1+ 57. Kd3 b4 58. Bb8 Kf6 59. Bd6 Ke6 60. Be5 Ba3 $2 {} (60... fxe4+ $16 61. Kxe4 Bd2 )61. Bd4 Bc1 62. Be3 Bb2 63. Bd2 fxe4+ 64. Kxe4 Ba3 65. Kd4 Kf5 66. Kd5 Kf6 67. Kc5 {White is clearly winning.} Kf5 68. Kb5 Ke4 69. Bxb4 {Accuracy: White = 93%, Black = 71%.} 1-0

[Event "7th Sinquefield Cup GCT 2019"]
[White "Aronian, Levon"]
[Black "Mamedyarov, Shakhriyar"]
[Site "Saint Louis"]
[Round "5.6"]
[Annotator "TA"]
[Result "1/2-1/2"]
[Date "2019.08.21"]
[WhiteElo "2765"]
[BlackElo "2764"]
[PlyCount "108"]

1. e4 {} e5 2. Nf3 Nf6 3. Nxe5 d6 4. Nf3 Nxe4 5. Bd3 Nf6 6. 0-0 {C42: Petroff Defence:
3 Nxe5 and unusual White 3rd moves} Be7 7. c3 0-0 8. Bc2 Bg4 9. d4 Re8 10. Bf4 $146 ({Predecessor:} 10. Re1 Nbd7 11. Nbd2 d5 12. Nf1 Bd6 13. Rxe8+ Qxe8 {
1/2-1/2 (61) Aronian,L (2767)-Giri,A (2782) chess.com INT 2018} )d5 11. Nbd2 Bd6 12. Bg5 Nbd7 13. Qb1 h6 14. Bh4 c6 {[#]} 15. Bh7+ $1 {} Kh8 {aiming for ...g5.} (15... Nxh7 16. Bxd8 )16. Bd3 Qc7 17. Qc2 Re6 18. Rfe1 Rae8 {Hoping for ...Bxh2+!} (18... Bxf3 {is interesting.} 19. Nxf3 Rae8 20. Rxe6 Rxe6 21. Bxf6 Nxf6 22. g3 Qe7 )19. Bg3 Rxe1+ 20. Rxe1 Rxe1+ 21. Nxe1 Bxg3 22. hxg3 g6 23. Qa4 b6 24. Qa3 Kg7 25. Nc2 Be6 26. Ne3 Ne8 27. Nf3 Nd6 28. Qa4 a5 29. Qc2 c5 30. Qd1 c4 31. Bc2 b5 32. a3 Nc8 33. Qd2 Qb8 34. Ne1 Ne7 35. Bd1 Nf6 36. Bf3 h5 37. N1c2 Qh8 38. Nd1 Bf5 39. Ne1 (39. Nde3 {feels hotter.} Qh7 40. Qd1 Qh6 41. Ne1 Qh8 42. Qe2 )Qh6 40. Qxh6+ (40. Ne3 {seems wilder.} Be6 41. Qd1 Nf5 42. N1c2 Nd6 43. Qe1 )Kxh6 41. Ne3 Bd7 42. Kf1 Kg7 43. Bd1 Ng4 44. Nxg4 {The position is equal.} Bxg4 45. Bxg4 hxg4 $11 {
Endgame KN-KN} 46. Nc2 f5 47. Ke2 Ng8 48. Ne3 Nf6 49. f3 Kf7 50. fxg4 fxg4 51. Ke1 Ke6 52. Ke2 Kf7 53. Ke1 Ke6 54. Ke2 Kf7 {Accuracy: White = 60%, Black =
50%.} 1/2-1/2

[Event "7th Sinquefield Cup GCT 2019"]
[White "Caruana, Fabiano"]
[Black "Vachier-Lagrave, Maxime"]
[Site "Saint Louis"]
[Round "6.1"]
[Annotator "TA"]
[Result "1/2-1/2"]
[Date "2019.08.23"]
[WhiteElo "2818"]
[BlackElo "2778"]
[PlyCount "106"]

1. e4 {} c5 2. Nf3 d6 3. d4 cxd4 4. Nxd4 Nf6 5. Nc3 a6 6. h3 e5 7. Nb3 Be6 {B90: Sicilian Najdorf: Unusual White
6th moves, 6 Be3 Ng4 and 6 Be3 e5} 8. f4 g6 (8... exf4 9. Bxf4 Nc6 10. Qe2 Be7 11. 0-0-0 Qc7 12. g4 0-0 13. g5 Nd7 14. Qe3 Rac8 15. Kb1 {1-0 (60) Van Foreest,
J (2612)-Nepomniachtchi,I (2763) Wijk aan Zee 2019} )9. Be2 Nbd7 10. g4 Rc8 {
White must now prevent ...Rxc3!} 11. f5 Bxb3 $1 12. axb3 Rxc3 13. bxc3 Nxe4 14. 0-0 Qh4 15. Bf3 $1 {} gxf5 $1 16. Bxe4 fxe4 17. Kh2 $146 Rg8 18. Ra4 Nf6 $132 { ( -> ...Nxg4+). Black is not keeping
still} 19. g5 $1 Rxg5 20. Bxg5 Qxg5 21. c4 {Hoping for Rb4.} Qh4 {Threatens to
win with ...Bh6.} (21... Be7 {feels hotter.} 22. Ra1 h5 23. Qe1 h4 24. Qf2 e3 )22. Qe1 Qxe1 $1 23. Rxe1 {Strongly threatening Rb4.} Bh6 24. Rd1 Kd7 25. c5 d5 26. Rb4 Kc7 27. Rb6 Bf4+ 28. Kg2 Nd7 { Double Attack} 29. Rxd5 {
aiming for Rbd6.} Nxb6 30. cxb6+ Kxb6 $11 { Endgame KR-KB} (30... Kc6 $11 {keeps the balance.} 31. Rd8 Kxb6 )31. Rd7 $16 a5 32. Rxf7 h6 $1 33. Kf2 { White has compensation.} Kc6 34. Ke2 b5 35. Rf6+ Kc5 36. c3 a4 {The position is equal.} 37. bxa4 bxa4 38. Ra6 Kb5 39. Ra7 Bg5 40. Ra8 Be7 $1 41. Kd2 a3 42. Ke3 Kc4 43. Kxe4 Kxc3 44. Kxe5 Kb3 45. Ke4 a2 {[#]} (45... Bc5 {
with more complications.} 46. Kd3 Bd6 47. Ke4 a2 48. Kd3 Be5 )46. Rxa2 $1 {
} Kxa2 $11 {KB-KP} 47. Kf3 Kb3 {[#]} 48. h4 $1 {} Kc4 (48... Bxh4 49. Kg2 )49. h5 Kd3 50. Kg2 Ke2 51. Kh1 Kf2 52. Kh2 Bd6+ 53. Kh1 Be5 {Accuracy: White = 76%, Black = 73%.} 1/2-1/2

[Event "7th Sinquefield Cup GCT 2019"]
[White "Nepomniachtchi, Ian"]
[Black "Ding, Liren"]
[Site "Saint Louis"]
[Round "6.2"]
[Annotator "TA"]
[Result "1/2-1/2"]
[Date "2019.08.23"]
[WhiteElo "2774"]
[BlackElo "2805"]
[PlyCount "86"]

1. e4 {} e5 2. Nf3 Nc6 3. Bc4 Bc5 4. 0-0 Nf6 5. d3 d6 6. c3 0-0 7. h3 a5 {C54: Giuoco Piano: 4 c3 Nf6, main lines with 5 d4 and 5 d3} 8. Re1 h6 9. Nbd2 Be6 10. Bb5 Qb8 11. Nh4 a4 $146 ({Predecessor:} 11... Ne7 12. Ndf3 c6 13. Ba4 Qc7 14. d4 Ba7 15. Bc2 {0-1 (33) Bacrot,E (2718)-Ding,L (2778)
Liaocheng 2018} )12. Nf5 Re8 13. Nc4 Bxf5 14. exf5 Qa7 15. Qf3 {[#]} e4 $1 {
} 16. dxe4 Ne5 17. Nxe5 Rxe5 18. Bd3 d5 19. Bf4 dxe4 20. Bxe4 Rxe4 21. Rxe4 Nxe4 22. Qxe4 Bxf2+ 23. Kh2 Qb6 24. Rd1 Qxb2 25. f6 Qxc3 26. fxg7 Qc6 27. Qf5 Re8 28. Bxh6 Qxh6 29. Qxf2 $11 { Endgame KQR-KQR} Qg5 30. Kh1 {[#]} (30. Rd3 $11 )Re4 (30... b5 $1 $17 )31. Rf1 (31. Qa7 $11 {
remains equal.} )Qe7 ({But not} 31... Qxg7 $6 32. Qf5 $11 )32. Qd2 Kxg7 33. Qb2+ {The position is equal.} Qe5 34. Qxb7 Re1 {} 35. Qf3 {
Hoping for Qg4+.} Rxf1+ 36. Qxf1 {KQ-KQ} c5 37. Qc4 Qe1+ 38. Kh2 Qb4 39. Qd3 a3 40. Qg3+ Kh7 41. Qd3+ Kg7 42. Qg3+ Kh7 43. Qd3+ Kg7 {Accuracy: White = 71%,
Black = 70%.} 1/2-1/2

[Event "7th Sinquefield Cup GCT 2019"]
[White "Anand, Viswanathan"]
[Black "Giri, Anish"]
[Site "Saint Louis"]
[Round "6.3"]
[Annotator "TA"]
[Result "1/2-1/2"]
[Date "2019.08.23"]
[WhiteElo "2756"]
[BlackElo "2779"]
[PlyCount "108"]

1. e4 {} c5 2. Nf3 e6 3. d4 cxd4 4. Nxd4 Nf6 5. Nc3 Nc6 6. a3 Be7 7. f4 d6 8. Nf3 0-0 9. Bd3 a6 {B45: Sicilian Four Knights} 10. 0-0 b5 11. b4 (11. Qe1 Bb7 12. b4 Nd7 13. Bb2 Bf6 14. Rd1 Qc7 15. e5 dxe5 16. Ne4 Be7 17. Qg3 {1/2-1/2 (91) Schmaltz,R 
(2534)-Azmaiparashvili,Z (2676) ICC INT 2002} )a5 12. Rb1 axb4 13. axb4 d5 14. e5 $146 ({Predecessor:} 14. exd5 Nxd5 15. Nxd5 exd5 16. c3 Ba6 17. Nd4 Nxd4 18. cxd4 Qb6 19. Be2 Bf6 20. Bb2 Be7 21. Bc1 Bf6 22. Bb2 Be7 23. Bc1 Bf6 24. Bb2 {1/2-1/2 (24) Yudasin,L (2460)-Gorelov,S (2445) Sverdlovsk 1984} )Ne8 15. Nxb5 {} Ba6 {Threatens to win with ...
Bxb5.} 16. Nbd4 Nxb4 17. Bxa6 Rxa6 18. f5 $1 exf5 19. Nxf5 Nc7 (19... Qd7 $16 {
was worth a try.} 20. Nxe7+ Qxe7 )20. c3 (20. N3d4 $1 $18 )Nc6 $16 21. Qd3 Ra4 22. Be3 ({White should try} 22. N3d4 $1 $16 Nxd4 23. cxd4 (23. Nxd4 Ne6 $11 ))Re4 23. Bb6 (23. Rb6 $16 Rc4 24. Rd1 )Qd7 {[#]} (23... g6 $1 $11 {and Black is okay.} 24. Nxe7+ Qxe7 )24. Bxc7 $1 $18 { Overworked
Piece} Qxc7 25. Qxd5 Rf4 26. N5d4 Nxd4 27. cxd4 Rd8 28. Qb7 Qxb7 29. Rxb7 Kf8 30. g3 Rf5 31. Kg2 f6 32. Re1 {And now g4 would win.} fxe5 33. dxe5 h5 34. e6 (34. Re4 $16 )g5 $14 35. Re2 {aiming for Ne5.} Rd6 $2 {[#]} (35... Rdd5 $1 $14 )36. h3 $2 (36. Rb8+ $1 $18 Rd8 37. Rxd8+ Bxd8 38. Nd4 )g4 37. hxg4 hxg4 38. Nh4 Rg5 $1 39. Ra7 Ke8 $1 40. Ra4 Rd3 41. Ra8+ Rd8 42. Ra1 Rdd5 43. Rf2 Bd8 {The position is equal.} 44. Ra8 Ke7 45. Re2 {Black must now prevent
Ra7+.} Rc5 46. Ra6 Ra5 47. Rc6 Rad5 48. Rf2 Rd6 $132 { Black is not
holding back} 49. Rxd6 Kxd6 $11 {KRB-KRN} 50. Rd2+ Rd5 51. Rxd5+ $1 Kxd5 52. Nf5 {Hoping for e7.} Kxe6 53. Ne3 Bc7 54. Nxg4 Bxg3 {Accuracy: White = 55%,
Black = 55%.} 1/2-1/2

[Event "7th Sinquefield Cup GCT 2019"]
[White "Nakamura, Hikaru"]
[Black "Carlsen, Magnus"]
[Site "Saint Louis"]
[Round "6.4"]
[Annotator "TA"]
[Result "1/2-1/2"]
[Date "2019.08.23"]
[WhiteElo "2743"]
[BlackElo "2882"]
[PlyCount "60"]

1. e4 {} c5 2. Nf3 Nc6 3. Bb5 g6 4. 0-0 Bg7 5. Re1 e5 6. Bxc6 dxc6 7. d3 Qc7 8. Be3 {B31: Sicilian: 2...Nc6
3 Bb5 g6} (8. a3 Nf6 9. b4 0-0 10. Nbd2 Bg4 11. h3 Bxf3 12. Nxf3 cxb4 13. axb4 a5 14. bxa5 Rxa5 15. Bd2 Raa8 {1/2-1/2 (49) Caruana,F (2832)-Carlsen,M (2835)
London 2018} )b6 9. a3 a5 10. Nbd2 Nf6 $146 ({Predecessor:} 10... Ne7 11. Nc4 a4 12. b4 b5 13. Na5 cxb4 14. axb4 0-0 15. c4 Be6 {1/2-1/2 (45) Hasangatin,
R (2380)-Faibisovich,V (2410) Decin 1996} )11. b4 Ng4 12. bxc5 Nxe3 13. fxe3 bxc5 14. Nc4 Be6 {The position is equal.} 15. Nfd2 0-0 16. Rf1 Rab8 17. Qe2 a4 18. Rf2 Rb7 19. Raf1 Qd8 20. Qe1 h5 21. Qa1 f6 22. h3 Bh6 23. Qd1 Kh7 24. Qe2 Rb8 25. Rd1 Qc7 26. Rff1 Kg7 27. Rb1 Rb5 28. Rbd1 Rbb8 29. Rb1 Rb5 30. Rbd1 Rbb8 {Accuracy: White = 89%, Black = 88%.} 1/2-1/2

[Event "7th Sinquefield Cup GCT 2019"]
[White "Mamedyarov, Shakhriyar"]
[Black "So, Wesley"]
[Site "Saint Louis"]
[Round "6.5"]
[Annotator "TA"]
[Result "1/2-1/2"]
[Date "2019.08.23"]
[WhiteElo "2764"]
[BlackElo "2776"]
[PlyCount "28"]

1. d4 {} d5 2. c4 dxc4 3. e4 Nf6 4. e5 Nd5 5. Bxc4 Bf5 6. Ne2 {D20: Queen's Gambit
Accepted: 3 e3 and 3 e4} (6. Qb3 c6 7. Ne2 Qb6 8. Qf3 Bxb1 9. Bxd5 cxd5 10. Rxb1 e6 11. 0-0 Nc6 12. Be3 Be7 13. Nf4 {1/2-1/2 (38) Gelfand,B (2703)
-Laznicka,V (2662) Novy Bor 2018} )e6 7. Nbc3 Nb6 8. Bb5+ $146 ({
Predecessor:} 8. Bb3 Nc6 9. 0-0 Qd7 10. Be3 0-0-0 11. Rc1 Kb8 12. Na4 f6 13. Nxb6 axb6 14. Ba4 fxe5 15. Bb5 Qd5 16. Nc3 Qd6 17. Bxc6 bxc6 18. dxe5 Qxd1 19. Rfxd1 {0-1 (44) Espinosa Veloz,E (2516)-Quesada Perez,Y (2538) Santa Clara 2019
} )Nc6 9. Ng3 Bg6 10. h4 {Threatening h5.} h5 11. Nge2 Bf5 12. Ng3 {
With the idea d5.} Bg6 $1 13. Nge2 Bf5 14. Ng3 {White wants to play d5.} Bg6 $1 1/2-1/2

[Event "7th Sinquefield Cup GCT 2019"]
[White "Karjakin, Sergey"]
[Black "Aronian, Levon"]
[Site "Saint Louis"]
[Round "6.6"]
[Annotator "TA"]
[Result "1/2-1/2"]
[Date "2019.08.23"]
[WhiteElo "2750"]
[BlackElo "2765"]
[PlyCount "76"]

1. d4 {} Nf6 2. c4 e6 3. Nf3 d5 4. Nc3 Be7 5. Bf4 0-0 6. e3 Nbd7 7. a3 $146 {D37: Queen's Gambit Declined: 5 Bf4} (7. c5 Nh5 8. Bd3 Nxf4 9. exf4 b6 10. b4 a5 11. a3 c6 12. 0-0 Qc7 13. g3 Ba6 14. Kg2 Bxd3 15. Qxd3 Ra7 {1/2-1/2 
(40) Giri,A (2797)-Radjabov,T (2756) Shamkir 2019} )({Predecessor:} 7. cxd5 Nxd5 8. Nxd5 exd5 9. a3 {1/2-1/2 (54) Baramidze,D (2591)-Fridman,D (2652)
Germany 2011} )c5 8. cxd5 Nxd5 9. Nxd5 exd5 10. dxc5 Nxc5 11. Be5 Bg4 12. Be2 Bxf3 13. Bxf3 Bf6 14. Bxf6 Qxf6 15. Qc2 Ne6 16. Bxd5 Rac8 17. Qd2 Rfd8 18. 0-0 $1 Nc7 19. e4 Nxd5 20. exd5 Rc5 21. Rad1 g6 22. b4 Rc3 (22... Rcxd5 $14 23. Qxd5 Rxd5 24. Rxd5 b6 )23. a4 (23. Rfe1 $16 )Rc4 $11 {The position is
equal.} 24. d6 Rd7 25. g3 Kg7 ({Much weaker is} 25... Rc6 26. Qe3 $16 )26. b5 Re4 27. Rfe1 Rxe1+ 28. Qxe1 Rxd6 29. Rxd6 Qxd6 { Endgame KQ-KQ} 30. Qc3+ Qf6 31. Qc7 Qa1+ 32. Kg2 Qxa4 33. Qxb7 Qc4 34. Qxa7 {Black must now
prevent Qa1+.} Qd5+ 35. Kg1 {aiming for Qa1+.} Qd1+ 36. Kg2 {And now Qc5 would
win.} Qd5+ { [#] Double Attack} 37. Kg1 {Strongly threatening Qa4.} Qd1+ 38. Kg2 {Qc5 is the strong threat.} Qd5+ { Double Attack.
Accuracy: White = 74%, Black = 79%.} 1/2-1/2

[Event "7th Sinquefield Cup GCT 2019"]
[White "Ding, Liren"]
[Black "Anand, Viswanathan"]
[Site "Saint Louis"]
[Round "7.1"]
[Annotator "TA"]
[Result "1/2-1/2"]
[Date "2019.08.24"]
[WhiteElo "2805"]
[BlackElo "2756"]
[PlyCount "119"]

1. d4 {} Nf6 2. c4 e6 3. g3 Bb4+ 4. Bd2 Be7 5. Bg2 d5 6. Nf3 0-0 7. 0-0 Nbd7 8. Qc2 c6 9. a4 {E11: Bogo-Indian} a5 10. Na3 Bd6 11. Ne1 Re8 $146 ({Predecessor:} 11... Qe7 12. Nd3 h6 13. Rfd1 Re8 14. Rac1 e5 15. dxe5 Nxe5 16. Nxe5 Bxe5 17. cxd5 Nxd5 {1/2-1/2 (39)
Gelfand,B (2728)-Eljanov,P (2739) Geneva 2017} )12. Nd3 e5 13. cxd5 e4 14. Nf4 cxd5 15. Nb5 Bb8 16. Rac1 Ra6 17. Bh3 (17. e3 $11 {keeps the balance.} )Rc6 $36 { Black is in control.} 18. Qb3 Nb6 19. Bxa5 $2 (19. Bxc8 $17 Nc4 20. Bxb7 Nxd2 21. Qa3 )Bxh3 $19 20. Nxh3 {[#]} Qc8 $1 {
} 21. Kg2 Rxc1 (21... Nc4 $142 22. Rxc4 dxc4 )22. Rxc1 Qxc1 23. Bxb6 e3 $1 {
} 24. f3 h5 25. Ba5 $2 {[#]} (25. Nc3 h4 26. g4 )h4 $1 {
} 26. gxh4 Qc6 $2 (26... Ne4 $19 {has better winning chances.} 27. Ng1 b6 $1 {} )27. Be1 $17 Nh5 $1 28. Bg3 Qc4 29. Qxc4 dxc4 30. Ng5 Nf6 31. Na3 Bxg3 32. hxg3 $15 { Endgame KRN-KNN} Ra8 33. Nxc4 Rxa4 34. Nxe3 ({Better is} 34. Ne5 $1 $15 )Rxd4 $17 35. Kf2 Nd5 $1 36. Nf5 Rb4 $1 37. h5 Rxb2 38. h6 {White threatens h7+ and mate.} f6 39. Ne4 gxh6 40. Nxh6+ Kf8 41. Nf5 b5 {} 42. Ne3 (42. Nd4 $17 )Nb6 43. Ke1 {[#]} b4 $1 44. Kd1 (44. Nd2 {is a better defense.} )Na4 $2 (44... b3 $19 {Hoping for ...Na4.} 45. Nd2 {[#]} f5 $1 {} )45. Nd5 $1 $15 f5 46. Nd2 $1 b3 47. e4 fxe4 48. fxe4 Kf7 49. g4 Nc5 {aiming for ...Ra2.} 50. Nb4 $1 Ke6 51. Kc1 Na4 {Threatens to win with ...Kf7.} 52. g5 Ke7 {White
must now prevent ...Kf8.} 53. Nc6+ Kf7 {And now ...Rc2+ would win.} 54. Nd4 Kg6 55. N4xb3 Ra2 56. Nf3 Nc3 57. Nbd2 Rxd2 { Remove Defender} 58. Kxd2 {
The position is equal.} Nxe4+ { Double Attack} 59. Ke3 Nxg5 60. Nxg5 {
Accuracy: White = 53%, Black = 71%.} 1/2-1/2

[Event "7th Sinquefield Cup GCT 2019"]
[White "Giri, Anish"]
[Black "Caruana, Fabiano"]
[Site "Saint Louis"]
[Round "7.2"]
[Annotator "TA"]
[Result "1/2-1/2"]
[Date "2019.08.24"]
[WhiteElo "2779"]
[BlackElo "2818"]
[PlyCount "99"]

1. d4 {} Nf6 2. c4 e6 3. Nf3 d5 4. Nc3 Be7 5. Bf4 0-0 6. e3 b6 7. Bd3 dxc4 {D37: Queen's
Gambit Declined: 5 Bf4} 8. Bxc4 Ba6 9. Qe2 (9. Bxa6 Nxa6 10. Qa4 Qc8 11. 0-0 c5 12. Rac1 Qb7 13. a3 Rfc8 14. Nb5 Nb8 15. dxc5 bxc5 {1/2-1/2 (35) Shankland,S 
(2725)-Anand,V (2773) Wijk aan Zee 2019} )Qc8 10. 0-0 (10. Rc1 {is
interesting.} Bxc4 11. Qxc4 Na6 12. 0-0 c5 13. Nb5 )Bxc4 11. Qxc4 c5 12. dxc5 Qxc5 13. Qxc5 $146 ({Predecessor:} 13. Qe2 Nbd7 14. Rac1 Qh5 15. Rfd1 {
1-0 (49) Kashlinskaya,A (2427)-Ovod,E (2380) Sochi 2017} )Bxc5 14. Rac1 Rd8 {The position is equal.} 15. h3 h6 16. Bxb8 Raxb8 17. Rc2 Nd5 18. Nxd5 Rxd5 19. Rfc1 a5 20. Kf1 f5 21. Ke2 Kf7 22. Rc4 Rbd8 23. g4 g6 24. h4 e5 25. e4 fxe4 26. Rxe4 Ke6 27. a3 Rf8 28. Rc3 h5 29. Rc2 b5 30. b4 axb4 31. axb4 Bd6 32. Ng5+ Kd7 33. Nh7 Rf7 $1 {} 34. Ng5 Rf4 35. gxh5 gxh5 36. Rxf4 exf4 $11 {
 Endgame KRB-KRN} 37. Ne4 Be7 38. Kf3 Bxh4 39. Nc3 Rf5 40. Ke4 Ke6 41. Ra2 {[#] Black must now prevent Ra6+.} Re5+ 42. Kxf4 {Strongly threatening
Ra6+.} Rf5+ 43. Ke4 {Ra6+ is the strong threat.} Rxf2 44. Rxf2 Bxf2 {KB-KN} 45. Kf3 Bd4 (45... Be1 {looks sharper.} 46. Nxb5 Bxb4 47. Kg3 Be1+ 48. Kh3 Bf2 )46. Nxb5 Kd5 47. Nxd4 Kxd4 48. Kg3 Kc4 49. Kh4 Kxb4 50. Kxh5 {Accuracy: White =
84%, Black = 68%.} 1/2-1/2

[Event "7th Sinquefield Cup GCT 2019"]
[White "Carlsen, Magnus"]
[Black "Nepomniachtchi, Ian"]
[Site "Saint Louis"]
[Round "7.3"]
[Annotator "TA"]
[Result "1/2-1/2"]
[Date "2019.08.24"]
[WhiteElo "2882"]
[BlackElo "2774"]
[PlyCount "67"]

1. d4 {} Nf6 2. c4 g6 3. Nc3 d5 4. cxd5 Nxd5 5. e4 Nxc3 6. bxc3 Bg7 7. Qa4+ Nd7 {
} 8. Nf3 c5 9. Be2 0-0 10. 0-0 {D85: Exchange
Grünfeld: Unusual White 7th moves and lines with 7 Nf3} Nb6 11. Qa3 cxd4 12. cxd4 {White has an edge.} Bg4 13. Rd1 Bxf3 {[#]} 14. Bxf3 $146 ({Predecessor:} 14. gxf3 Bxd4 15. Bg5 Bxa1 16. Rxd8 Rfxd8 17. Qxe7 Rd7 {1-0 (39) Riazantsev,A 
(2671)-Navara,D (2751) Montpellier 2015} )Bxd4 {[#]} 15. e5 $1 { And now Rb1 would win.} Nc4 (15... Bxe5 16. Rxd8 )16. Qb4 Rc8 17. Bh6 {
Threatens to win with Rac1.} Bxa1 18. Rxd8 Rfxd8 19. e6 $1 Ne5 20. exf7+ Nxf7 21. Be3 $1 {[#]} Bd4 $1 {} 22. Qxe7 {The position is equal.} (22. Bxd4 Rc1+ )Re8 23. Qa3 b6 24. Bd5 Rc5 25. Bxf7+ Kxf7 26. Qxa7+ Re7 27. Qa6 b5 {( -> ...Rc1+!)} 28. h3 Bxe3 29. fxe3 $11 {KQ-KRR} Rce5 30. Qb6 R7e6 31. Qb7+ Re7 32. Qb6 R7e6 33. Qb7+ Re7 34. Qb6 {Accuracy: White = 59%, Black = 70%.
} 1/2-1/2

[Event "7th Sinquefield Cup GCT 2019"]
[White "Vachier-Lagrave, Maxime"]
[Black "Mamedyarov, Shakhriyar"]
[Site "Saint Louis"]
[Round "7.4"]
[Annotator "TA"]
[Result "1/2-1/2"]
[Date "2019.08.24"]
[WhiteElo "2778"]
[BlackElo "2764"]
[PlyCount "66"]

1. e4 {} e5 2. Nf3 Nc6 3. Bc4 Bc5 4. c3 Nf6 5. d3 d6 6. 0-0 h6 7. Re1 0-0 {C54: Giuoco Piano: 4 c3 Nf6, main lines with 5 d4 and 5 d3} 8. Nbd2 Ne7 9. d4 Bb6 10. Bb3 Nc6 $146 {} ({Predecessor:} 10... exd4 11. cxd4 Ba5 12. Bc2 Bg4 13. a3 Nc6 {1/2-1/2 (41) Predke,A (2535)-Dubov,D (2644)
Sochi 2016} )11. Nc4 {} exd4 12. Nxb6 axb6 13. Nxd4 Re8 14. Bc2 Bg4 15. f3 Bh5 16. c4 Nxd4 17. Qxd4 Nd7 18. b3 Qf6 19. Qxf6 Nxf6 20. Bb2 Nd7 21. g4 Bg6 22. Kf2 Bh7 23. h4 g5 24. hxg5 hxg5 25. Rh1 {[#] Black must now prevent
Rxh7!} Ne5 26. Kg3 Kg7 {The position is equal.} 27. a4 f6 28. Bc3 Bg6 29. Rh2 Rf8 30. Rah1 Rfe8 31. Ra1 Rf8 32. Rah1 Rfe8 33. Ra1 Rf8 {Accuracy: White = 61%,
Black = 59%.} 1/2-1/2

[Event "7th Sinquefield Cup GCT 2019"]
[White "So, Wesley"]
[Black "Karjakin, Sergey"]
[Site "Saint Louis"]
[Round "7.5"]
[Annotator "TA"]
[Result "1/2-1/2"]
[Date "2019.08.24"]
[WhiteElo "2776"]
[BlackElo "2750"]
[PlyCount "84"]

1. d4 {} Nf6 2. Nf3 d5 3. c4 e6 4. Nc3 Be7 5. Bf4 0-0 6. e3 b6 7. cxd5 Nxd5 8. Nxd5 {D37: Queen's Gambit Declined:
5 Bf4} Qxd5 9. Be2 $146 (9. Bd3 Qa5+ 10. Kf1 Ba6 11. Bxc7 Bxd3+ 12. Qxd3 Na6 13. Bg3 Nb4 14. Qe2 Rfc8 15. a3 Qa4 {0-1 (54) Caruana,F (2832)-Nakamura,H 
(2746) London 2018} )Qa5+ 10. Nd2 Ba6 $1 11. 0-0 c5 12. Nc4 Bxc4 13. Bxc4 {Threatening d5.} cxd4 14. exd4 {next d5 is good for White.} Nc6 15. d5 exd5 16. Qxd5 Qxd5 17. Bxd5 Rac8 18. Rfd1 Bf6 19. Rab1 Nd4 {[#] Strongly
threatening ...Ne2+.} 20. Kf1 Rfe8 21. g3 Rc5 22. Bg2 Ne6 23. Be3 Rc2 {The
position is equal.} 24. Rd7 Re7 25. Rxe7 Bxe7 26. Be4 Rc7 27. Rc1 Bc5 28. Bd2 Rd7 29. Be1 a5 30. a3 {} g6 31. b4 axb4 32. axb4 Be7 33. Rc8+ Kg7 34. Rc6 Rd1 {[#] ...Bxb4 is the strong threat.} 35. Ke2 Rd4 36. Rxe6 (36. Bg2 {with more complications.} b5 37. Rb6 Bxb4 38. Rxb5 Bxe1 39. Kxe1 Ra4 40. Rb2 )fxe6 $11 { Endgame KRB-KB} 37. Bc3 Bf6 38. Bxd4 Bxd4 39. Bc2 Kf6 40. Be4 Kg7 41. Bd3 Kf6 42. Be4 Kg7 {Accuracy: White = 72%,
Black = 76%.} 1/2-1/2

[Event "7th Sinquefield Cup GCT 2019"]
[White "Aronian, Levon"]
[Black "Nakamura, Hikaru"]
[Site "Saint Louis"]
[Round "7.6"]
[Annotator "TA"]
[Result "1/2-1/2"]
[Date "2019.08.24"]
[WhiteElo "2765"]
[BlackElo "2743"]
[PlyCount "80"]

1. e4 {} c5 2. Nf3 d6 3. d4 cxd4 4. Nxd4 Nf6 5. Nc3 a6 6. Be2 g6 7. 0-0 Bg7 8. Re1 0-0 9. Bf1 Nc6 10. Nb3 b5 11. Bg5 h6 12. Bh4 {B70: Sicilian Dragon: 6 g3 and 6 Be2
(without a later Be3)} g5 13. Bg3 {[#]} Bg4 $146 ({Predecessor:} 13... b4 14. Nd5 Nd7 15. c3 bxc3 16. Nxc3 Nde5 17. Qd2 Kh7 18. Rac1 f5 19. exf5 Bxf5 {
1/2-1/2 (29) Schmaltz,R (2519)-Khenkin,I (2627) Bad Wiessee 2003} )14. f3 Be6 15. Bf2 d5 16. exd5 Nxd5 17. Nxd5 Qxd5 18. c3 b4 19. Nc5 {Strongly threatening
Qxd5.} Qxd1 20. Rexd1 bxc3 21. bxc3 Bf5 22. Bxa6 {[#] And now Bb7 would win.} Bxc3 23. Bb7 Nb4 {...Ra5 is the strong threat.} 24. Bxa8 Rxa8 25. a4 { next Ra3 is good for White.} Bxa1 26. Rxa1 f6 27. a5 Bc8 28. h3 {The position is equal.} Kf7 29. Rb1 Na6 30. Ne4 Rb8 31. Rc1 Bd7 32. Bd4 h5 33. Bb6 Rc8 34. Rxc8 Bxc8 35. Nc5 Nxc5 36. Bxc5 $11 {KB-KB} h4 37. Bb4 Ba6 38. Bc5 Bc8 39. Bb4 Ba6 40. Bc5 Bc8 {Accuracy: White = 64%, Black = 65%.} 1/2-1/2